000 00374 a2200169 4500
001 69384
020 _a8516022994
040 _cAnchieta - Itaigara
100 _aBlundell, Tony
240 1 0 _aCuidado com o menino!
_lpor
245 1 0 _aCuidado com o menino!
300 _a32
362 0 _a1999
440 1 _aModerna
650 4 _aLiteratura infanto-juvenil
942 _cBK
999 _c69384
_d69384